000 00285nam a2200097Ia 4500
082 _a338.04092 BRAN
245 0 _aSe maai, laat waai : lewenslesse
100 _a Branson, Richard Roggebaai [Suid-Afrika], 2009
_966963
942 _cBK
008 210817s9999 xx 000 0 und d
999 _c215288
_d215287